[Event "Greek Team Championship"]
[Site "chess24.com"]
[Date "2017.07.04"]
[Round "2"]
[White "David, Alberto"]
[Black "Kelires, Andreas"]
[Result "1/2-1/2"]
[Board "1"]
[WhiteElo "2567"]
[WhiteTitle "GM"]
[WhiteCountry "ITA"]
[WhiteFideId "4000013"]
[WhiteEloChange "-1"]
[BlackElo "2509"]
[BlackTitle "GM"]
[BlackCountry "GRE"]
[BlackFideId "5900727"]
[BlackEloChange "1"]

1. Nf3 {[%clk 1:30:56]} Nf6 {[%clk 1:30:49]} 2. g3 {[%clk 1:31:03]} d5 {[%clk
1:29:17]} 3. Bg2 {[%clk 1:31:14]} c6 {[%clk 1:29:41]} 4. O-O {[%clk 1:30:47]} Bg4
{[%clk 1:30:03]} 5. d3 {[%clk 1:30:48]} Nbd7 {[%clk 1:29:58]} 6. h3 {[%clk
1:28:31]} Bh5 {[%clk 1:30:16]} 7. Qe1 {[%clk 1:28:10]} e5 {[%clk 1:26:15]} 8. e4
{[%clk 1:28:30]} dxe4 {[%clk 1:25:18]} 9. dxe4 {[%clk 1:28:53]} Be7 {[%clk
1:24:20]} 10. Nbd2 {[%clk 1:25:12]} O-O {[%clk 1:21:52]} 11. Nc4 {[%clk 1:22:11]}
Qc7 {[%clk 1:18:14]} 12. a4 {[%clk 1:18:26]} Rfe8 {[%clk 1:07:21]} 13. Bd2 {[%clk
1:08:44]} b5 {[%clk 0:56:12]} 14. Ba5 {[%clk 0:52:03]} Qb8 {[%clk 0:55:53]} 15.
axb5 {[%clk 0:51:17]} cxb5 {[%clk 0:50:26]} 16. Ne3 {[%clk 0:51:06]} Bg6 {[%clk
0:37:16]} 17. Nd2 {[%clk 0:42:29]} Nc5 {[%clk 0:35:32]} 18. Nf5 {[%clk 0:41:55]}
Bf8 {[%clk 0:31:44]} 19. Qe2 {[%clk 0:14:02]} a6 {[%clk 0:29:11]} 20. c3 {[%clk
0:09:38]} Nb7 {[%clk 0:18:20]} 21. Bb6 {[%clk 0:08:55]} Nc5 {[%clk 0:18:43]} 22.
Ba5 {[%clk 0:09:20]} Qc8 {[%clk 0:14:46]} 23. c4 {[%clk 0:09:11]} Qb7 {[%clk
0:13:41]} 24. b4 {[%clk 0:08:54]} Ne6 {[%clk 0:13:42]} 25. c5 {[%clk 0:08:16]}
Nd8 {[%clk 0:09:11]} 26. Nb3 {[%clk 0:07:07]} Nc6 {[%clk 0:06:52]} 27. Rfd1
{[%clk 0:04:50]} Bxf5 {[%clk 0:04:28]} 28. exf5 {[%clk 0:05:16]} e4 {[%clk
0:02:59]} 29. g4 {[%clk 0:05:26]} g6 {[%clk 0:01:55]} 30. Qe3 {[%clk 0:04:53]}
Nxa5 {[%clk 0:01:43]} 31. Nxa5 {[%clk 0:04:22]} Qc7 {[%clk 0:02:06]} 32. Rd4
{[%clk 0:01:35]} Rad8 {[%clk 0:01:05]} 33. Rad1 {[%clk 0:02:00]} Bxc5 {[%clk
0:00:59]} 34. bxc5 {[%clk 0:02:16]} Qxa5 {[%clk 0:01:26]} 35. c6 {[%clk 0:01:15]}
Qc7 {[%clk 0:00:43]} 36. g5 {[%clk 0:00:35]} Nh5 {[%clk 0:00:35]} 37. Rd7 {[%clk
0:00:57]} Rxd7 {[%clk 0:00:48]} 38. cxd7 {[%clk 0:01:23]} Rd8 {[%clk 0:00:40]}
39. Qxe4 {[%clk 0:01:30]} Ng7 {[%clk 0:00:51]} 40. f6 {[%clk 0:30:35]} Ne6 {[%clk
0:00:42]} 41. Qc6 {[%clk 0:21:24]} Qxc6 {[%clk 0:22:12]} 42. Bxc6 {[%clk
0:21:49]} h6 {[%clk 0:21:04]} 43. h4 {[%clk 0:12:02]} hxg5 {[%clk 0:20:08]} 44.
hxg5 {[%clk 0:12:28]} Nxg5 {[%clk 0:19:45]} 45. Ra1 {[%clk 0:08:32]} Ne6 {[%clk
0:18:42]} 46. Rxa6 {[%clk 0:08:58]} Nd4 {[%clk 0:19:01]} 47. Be4 {[%clk 0:07:49]}
Rxd7 {[%clk 0:19:06]} 48. Kg2 {[%clk 0:07:26]} Kh7 {[%clk 0:17:47]} 49. f4 {[%clk
0:05:18]} Ne6 {[%clk 0:13:53]} 50. f5 {[%clk 0:05:35]} Nc5 {[%clk 0:14:15]} 51.
fxg6+ {[%clk 0:05:57]} fxg6 {[%clk 0:14:41]} 52. f7 {[%clk 0:06:08]} Rxf7 {[%clk
0:13:44]} 53. Bxg6+ {[%clk 0:06:28]} Kg7 {[%clk 0:14:11]} 54. Bxf7 {[%clk
0:06:45]} Nxa6 {[%clk 0:14:38]} 55. Bb3 {[%clk 0:06:45]} Kf6 {[%clk 0:13:57]} 56.
Kf3 {[%clk 0:06:10]} Ke5 {[%clk 0:14:22]} 57. Ke3 {[%clk 0:06:35]} Nc5 {[%clk
0:14:48]} 58. Bg8 {[%clk 0:06:45]} b4 {[%clk 0:15:08]} 59. Bf7 {[%clk 0:07:01]}
b3 {[%clk 0:15:32]} 60. Bxb3 {[%clk 0:07:26]} 1/2-1/2

[Event "Greek Team Championship"]
[Site "chess24.com"]
[Date "2017.07.04"]
[Round "2"]
[White "Vlahos, Kiriakos"]
[Black "Theodorou, Nikolas"]
[Result "1/2-1/2"]
[Board "2"]
[WhiteElo "2294"]
[WhiteTitle "FM"]
[WhiteCountry "GRE"]
[WhiteFideId "4200594"]
[WhiteEloChange "5"]
[BlackElo "2500"]
[BlackTitle "IM"]
[BlackCountry "GRE"]
[BlackFideId "4262875"]
[BlackEloChange "-3"]

1. c4 {[%clk 1:27:58]} Nf6 {[%clk 1:30:44]} 2. Nc3 {[%clk 1:27:48]} g6 {[%clk
1:31:04]} 3. g3 {[%clk 1:27:52]} Bg7 {[%clk 1:31:29]} 4. Bg2 {[%clk 1:28:18]} O-O
{[%clk 1:31:53]} 5. Nf3 {[%clk 1:27:32]} d6 {[%clk 1:31:02]} 6. O-O {[%clk
1:27:54]} e5 {[%clk 1:31:29]} 7. d3 {[%clk 1:26:26]} Nc6 {[%clk 1:31:53]} 8. Rb1
{[%clk 1:26:35]} a5 {[%clk 1:32:20]} 9. a3 {[%clk 1:26:59]} Re8 {[%clk 1:32:47]}
10. Bg5 {[%clk 1:23:59]} h6 {[%clk 1:33:14]} 11. Bxf6 {[%clk 1:24:25]} Bxf6
{[%clk 1:33:40]} 12. b4 {[%clk 1:24:32]} axb4 {[%clk 1:34:04]} 13. axb4 {[%clk
1:24:57]} Bg7 {[%clk 1:34:15]} 14. b5 {[%clk 1:25:00]} Ne7 {[%clk 1:34:21]} 15.
Qb3 {[%clk 1:20:38]} Be6 {[%clk 1:33:46]} 16. Nd5 {[%clk 1:14:07]} c6 {[%clk
1:29:56]} 17. Nxe7+ {[%clk 1:14:11]} Qxe7 {[%clk 1:29:37]} 18. Nd2 {[%clk
1:13:01]} Rac8 {[%clk 1:24:47]} 19. Qa3 {[%clk 1:09:22]} d5 {[%clk 1:19:28]} 20.
Qxe7 {[%clk 1:05:55]} Rxe7 {[%clk 1:18:10]} 21. Rfc1 {[%clk 1:06:21]} Ree8 {[%clk
1:17:27]} 22. Nb3 {[%clk 0:59:37]} dxc4 {[%clk 1:12:35]} 23. dxc4 {[%clk
0:57:07]} cxb5 {[%clk 1:12:39]} 24. cxb5 {[%clk 0:57:07]} Rxc1+ {[%clk 1:12:41]}
25. Nxc1 {[%clk 0:56:39]} b6 {[%clk 1:07:06]} 26. Nd3 {[%clk 0:56:56]} Rc8 {[%clk
1:04:40]} 27. e3 {[%clk 0:50:09]} Bf5 {[%clk 0:52:39]} 28. Rc1 {[%clk 0:49:46]}
Rxc1+ {[%clk 0:45:19]} 29. Nxc1 {[%clk 0:50:09]} Kf8 {[%clk 0:44:03]} 30. Na2
{[%clk 0:49:39]} Ke7 {[%clk 0:43:56]} 31. Nc3 {[%clk 0:49:44]} Kd6 {[%clk
0:44:10]} 32. Ne4+ {[%clk 0:50:03]} Kd5 {[%clk 0:40:42]} 33. f3 {[%clk 0:44:26]}
Bf8 {[%clk 0:36:27]} 34. Kf2 {[%clk 0:44:10]} Kc4 {[%clk 0:33:59]} 35. Bf1+
{[%clk 0:42:56]} Kb4 {[%clk 0:34:27]} 36. Nf6 {[%clk 0:39:09]} Be6 {[%clk
0:29:13]} 37. e4 {[%clk 0:34:26]} Bc5+ {[%clk 0:29:21]} 38. Ke1 {[%clk 0:32:46]}
Bc4 {[%clk 0:28:10]} 39. Bxc4 {[%clk 0:32:21]} Kxc4 {[%clk 0:28:38]} 40. Ng4
{[%clk 1:02:33]} Kxb5 {[%clk 0:32:38]} 41. Nxe5 {[%clk 1:00:25]} f5 {[%clk
0:33:05]} 42. Nxg6 {[%clk 0:58:59]} fxe4 {[%clk 0:33:30]} 43. fxe4 {[%clk
0:59:23]} Kc4 {[%clk 0:33:51]} 44. Kd2 {[%clk 0:55:36]} b5 {[%clk 0:32:06]} 45.
g4 {[%clk 0:49:52]} b4 {[%clk 0:29:24]} 46. Ne5+ {[%clk 0:38:55]} Kd4 {[%clk
0:29:36]} 47. Nf7 {[%clk 0:39:10]} Kxe4 {[%clk 0:29:19]} 48. Kc2 {[%clk 0:39:28]}
Bf8 {[%clk 0:29:13]} 49. Kb3 {[%clk 0:39:51]} Kf4 {[%clk 0:29:39]} 50. Nxh6
{[%clk 0:40:15]} Bxh6 {[%clk 0:30:06]} 51. Kxb4 {[%clk 0:40:36]} 1/2-1/2

[Event "Greek Team Championship"]
[Site "chess24.com"]
[Date "2017.07.04"]
[Round "2"]
[White "Naoum, Spyridon"]
[Black "Hristodoulou, Panagiotis"]
[Result "1/2-1/2"]
[Board "3"]
[WhiteElo "2267"]
[WhiteCountry "GRE"]
[WhiteFideId "4227506"]
[BlackElo "2261"]
[BlackTitle "FM"]
[BlackCountry "GRE"]
[BlackFideId "4214340"]

1. c4 {[%clk 1:28:06]} c6 {[%clk 1:29:17]} 2. e4 {[%clk 1:26:59]} d5 {[%clk
1:29:29]} 3. exd5 {[%clk 1:27:18]} Nf6 {[%clk 1:28:05]} 4. Nc3 {[%clk 1:18:50]}
cxd5 {[%clk 1:28:24]} 5. cxd5 {[%clk 1:18:58]} Nxd5 {[%clk 1:28:42]} 6. Nf3
{[%clk 1:14:12]} Nxc3 {[%clk 1:25:30]} 7. bxc3 {[%clk 1:14:34]} g6 {[%clk
1:25:38]} 8. h4 {[%clk 1:12:37]} h6 {[%clk 1:08:11]} 9. Bc4 {[%clk 0:53:22]} Bg7
{[%clk 1:07:58]} 10. h5 {[%clk 0:48:19]} g5 {[%clk 1:08:13]} 11. d4 {[%clk
0:44:48]} Nc6 {[%clk 1:03:59]} 12. Qc2 {[%clk 0:35:07]} Qa5 {[%clk 0:40:49]} 13.
Nd2 {[%clk 0:26:55]} Bf5 {[%clk 0:39:10]} 14. Qb3 {[%clk 0:24:38]} O-O {[%clk
0:39:24]} 15. O-O {[%clk 0:23:47]} Qc7 {[%clk 0:32:44]} 16. Be2 {[%clk 0:22:49]}
Rac8 {[%clk 0:25:47]} 17. Bb2 {[%clk 0:21:47]} Na5 {[%clk 0:24:04]} 18. Qa4
{[%clk 0:19:36]} Rfd8 {[%clk 0:22:10]} 19. Rac1 {[%clk 0:16:25]} a6 {[%clk
0:18:54]} 20. Rfe1 {[%clk 0:11:27]} b5 {[%clk 0:16:55]} 21. Qd1 {[%clk 0:11:47]}
e5 {[%clk 0:17:12]} 22. Bg4 {[%clk 0:11:05]} Qd7 {[%clk 0:16:11]} 23. Bxf5 {[%clk
0:08:05]} Qxf5 {[%clk 0:16:31]} 24. Nf1 {[%clk 0:05:50]} Qe6 {[%clk 0:11:42]} 25.
Qe2 {[%clk 0:03:48]} Re8 {[%clk 0:11:35]} 26. Ne3 {[%clk 0:03:25]} exd4 {[%clk
0:07:23]} 27. cxd4 {[%clk 0:03:52]} Rxc1 {[%clk 0:07:43]} 28. Rxc1 {[%clk
0:03:40]} Nc4 {[%clk 0:07:01]} 29. d5 {[%clk 0:03:33]} Qxd5 {[%clk 0:06:08]} 30.
Qxc4 {[%clk 0:02:33]} bxc4 {[%clk 0:00:43]} 31. Nxd5 {[%clk 0:03:01]} Bxb2 {[%clk
0:01:08]} 32. Rxc4 {[%clk 0:03:26]} Re1+ {[%clk 0:01:31]} 33. Kh2 {[%clk
0:03:55]} Re2 {[%clk 0:01:52]} 34. Ra4 {[%clk 0:02:11]} Be5+ {[%clk 0:01:49]} 35.
Kh3 {[%clk 0:00:36]} Rxf2 {[%clk 0:02:05]} 36. Rxa6 {[%clk 0:01:04]} Kg7 {[%clk
0:01:18]} 37. Ra5 {[%clk 0:00:41]} f5 {[%clk 0:00:43]} 38. Ne3 {[%clk 0:00:41]}
Kf6 {[%clk 0:00:37]} 39. Ra6+ {[%clk 0:00:40]} Kf7 {[%clk 0:01:07]} 40. Rxh6
{[%clk 0:30:35]} g4+ {[%clk 0:30:33]} 41. Kh4 {[%clk 0:24:00]} Bf4 {[%clk
0:24:39]} 42. Nxf5 {[%clk 0:23:44]} Bxh6 {[%clk 0:25:02]} 43. Nxh6+ {[%clk
0:24:09]} Kg7 {[%clk 0:25:23]} 44. Nxg4 {[%clk 0:24:10]} Rxg2 {[%clk 0:25:45]}
45. Kg5 {[%clk 0:23:57]} Rxa2 {[%clk 0:26:08]} 46. h6+ {[%clk 0:24:11]} Kf7
{[%clk 0:26:23]} 47. Ne5+ {[%clk 0:24:17]} Kg8 {[%clk 0:26:45]} 48. Ng4 {[%clk
0:20:34]} Ra6 {[%clk 0:25:43]} 49. Kf5 {[%clk 0:20:26]} Kh7 {[%clk 0:25:43]} 50.
Kg5 {[%clk 0:19:52]} Ra5+ {[%clk 0:26:05]} 51. Kf6 {[%clk 0:19:25]} Rb5 {[%clk
0:26:29]} 52. Ne5 {[%clk 0:19:10]} Kxh6 {[%clk 0:26:55]} 53. Nf7+ {[%clk
0:19:37]} Kh5 {[%clk 0:27:21]} 54. Ne5 {[%clk 0:19:58]} Rb1 {[%clk 0:27:47]} 55.
Kf5 {[%clk 0:20:24]} Rf1+ {[%clk 0:28:13]} 56. Ke4 {[%clk 0:20:50]} Kg5 {[%clk
0:28:23]} 57. Nf3+ {[%clk 0:21:14]} Kf6 {[%clk 0:28:45]} 58. Nd4 {[%clk 0:21:38]}
Re1+ {[%clk 0:28:15]} 59. Kd5 {[%clk 0:22:07]} Re5+ {[%clk 0:28:35]} 60. Kc4
{[%clk 0:22:33]} Rh5 {[%clk 0:28:49]} 61. Kd3 {[%clk 0:22:54]} Ke5 {[%clk
0:29:11]} 62. Nf3+ {[%clk 0:23:20]} Kf4 {[%clk 0:29:12]} 63. Nd4 {[%clk 0:23:43]}
Rd5 {[%clk 0:29:39]} 64. Kc4 {[%clk 0:24:01]} Ke4 {[%clk 0:30:05]} 65. Nb3 {[%clk
0:24:14]} Rd8 {[%clk 0:30:19]} 66. Nc5+ {[%clk 0:24:35]} Ke3 {[%clk 0:30:40]} 67.
Kb5 {[%clk 0:25:00]} Rd1 {[%clk 0:30:44]} 68. Kc4 {[%clk 0:25:26]} Rd6 {[%clk
0:31:05]} 69. Nb3 {[%clk 0:25:38]} Rh6 {[%clk 0:30:56]} 70. Nc5 {[%clk 0:25:59]}
Rh5 {[%clk 0:30:41]} 71. Nd7 {[%clk 0:25:46]} Rh4+ {[%clk 0:30:23]} 72. Kd5
{[%clk 0:25:47]} Rd4+ {[%clk 0:30:47]} 73. Ke6 {[%clk 0:26:13]} Kf4 {[%clk
0:31:06]} 74. Nf6 {[%clk 0:26:33]} Ra4 {[%clk 0:31:12]} 75. Nd5+ {[%clk 0:26:54]}
Kg5 {[%clk 0:31:32]} 76. Ke5 {[%clk 0:27:12]} Ra5 {[%clk 0:31:58]} 77. Ke4 {[%clk
0:27:33]} Ra1 {[%clk 0:31:43]} 78. Ke5 {[%clk 0:27:51]} Re1+ {[%clk 0:32:02]} 79.
Kd4 {[%clk 0:28:16]} Re8 {[%clk 0:31:58]} 80. Ne3 {[%clk 0:28:28]} Kf4 {[%clk
0:32:16]} 81. Nd5+ {[%clk 0:28:54]} Kf3 {[%clk 0:32:39]} 82. Kc5 {[%clk 0:29:17]}
Re5 {[%clk 0:32:04]} 83. Kd4 {[%clk 0:29:12]} Re4+ {[%clk 0:32:31]} 84. Kc5
{[%clk 0:29:28]} Rh4 {[%clk 0:32:54]} 85. Kd6 {[%clk 0:29:23]} Ke4 {[%clk
0:33:20]} 86. Nf6+ {[%clk 0:29:47]} Kf5 {[%clk 0:33:45]} 87. Nd5 {[%clk 0:30:12]}
Rd4 {[%clk 0:34:14]} 88. Kc5 {[%clk 0:30:25]} Ke5 {[%clk 0:34:40]} 89. Nc3 {[%clk
0:30:50]} Rh4 {[%clk 0:34:54]} 90. Nb5 {[%clk 0:30:43]} Rh8 {[%clk 0:34:54]} 91.
Kc4 {[%clk 0:30:59]} Rc8+ {[%clk 0:34:33]} 92. Kd3 {[%clk 0:31:25]} Rb8 {[%clk
0:35:11]} 93. Kc4 {[%clk 0:31:43]} Rc8+ {[%clk 0:33:49]} 94. Kd3 {[%clk 0:32:08]}
Rc6 {[%clk 0:34:07]} 95. Nc3 {[%clk 0:32:34]} Rc5 {[%clk 0:34:20]} 96. Ne2 {[%clk
0:32:58]} Rd5+ {[%clk 0:34:33]} 97. Ke3 {[%clk 0:33:14]} Rd1 {[%clk 0:34:45]} 98.
Nc3 {[%clk 0:33:39]} Rc1 {[%clk 0:34:55]} 99. Kd3 {[%clk 0:34:04]} Rh1 {[%clk
0:35:16]} 100. Kc4 {[%clk 0:34:28]} Rh4+ {[%clk 0:35:35]} 101. Kc5 {[%clk
0:34:52]} Rd4 {[%clk 0:35:54]} 102. Nb5 {[%clk 0:35:18]} Rd8 {[%clk 0:36:14]}
103. Kc4 {[%clk 0:35:46]} Rc8+ {[%clk 0:36:41]} 104. Kd3 {[%clk 0:36:12]} 1/2-1/2

[Event "Greek Team Championship"]
[Site "chess24.com"]
[Date "2017.07.04"]
[Round "2"]
[White "Anagnostopoulos, Konstantinos"]
[Black "Georgakopoulos, Nikolaos K."]
[Result "1-0"]
[Board "4"]
[WhiteElo "2200"]
[WhiteCountry "GRE"]
[WhiteFideId "4251067"]
[WhiteEloChange "6"]
[BlackElo "2047"]
[BlackCountry "GRE"]
[BlackFideId "4283430"]
[BlackEloChange "-6"]

1. c4 {[%clk 1:30:34]} e6 {[%clk 1:28:37]} 2. g3 {[%clk 1:30:45]} d5 {[%clk
1:28:25]} 3. Nf3 {[%clk 1:30:37]} Nf6 {[%clk 1:28:00]} 4. Bg2 {[%clk 1:30:59]}
Be7 {[%clk 1:27:28]} 5. O-O {[%clk 1:30:37]} O-O {[%clk 1:27:49]} 6. d4 {[%clk
1:31:04]} dxc4 {[%clk 1:27:11]} 7. Ne5 {[%clk 1:31:09]} Nc6 {[%clk 1:27:12]} 8.
Nxc6 {[%clk 1:31:26]} bxc6 {[%clk 1:27:32]} 9. Na3 {[%clk 1:31:53]} Nd5 {[%clk
0:59:29]} 10. Nxc4 {[%clk 1:31:35]} c5 {[%clk 0:57:50]} 11. Na5 {[%clk 1:28:02]}
cxd4 {[%clk 0:49:40]} 12. Nc6 {[%clk 1:26:55]} Qe8 {[%clk 0:49:54]} 13. Nxe7+
{[%clk 1:27:15]} Qxe7 {[%clk 0:50:19]} 14. Qxd4 {[%clk 1:27:40]} Ba6 {[%clk
0:45:04]} 15. b3 {[%clk 1:21:19]} c5 {[%clk 0:40:08]} 16. Qd2 {[%clk 1:12:03]}
Rfd8 {[%clk 0:31:26]} 17. Bb2 {[%clk 1:11:04]} Rac8 {[%clk 0:27:46]} 18. Rfe1
{[%clk 1:08:39]} f6 {[%clk 0:20:40]} 19. Qa5 {[%clk 1:05:30]} Bb7 {[%clk
0:16:35]} 20. Red1 {[%clk 1:00:25]} Rd7 {[%clk 0:11:31]} 21. Rac1 {[%clk
0:59:51]} Rdc7 {[%clk 0:06:58]} 22. e4 {[%clk 0:53:18]} Nb6 {[%clk 0:03:11]} 23.
Qxa7 {[%clk 0:46:55]} Nd7 {[%clk 0:01:26]} 24. Qa5 {[%clk 0:47:18]} Nf8 {[%clk
0:00:35]} 25. a4 {[%clk 0:41:43]} Ra8 {[%clk 0:00:33]} 26. Qd2 {[%clk 0:41:16]}
c4 {[%clk 0:00:35]} 27. Qd6 {[%clk 0:34:34]} Qf7 {[%clk 0:00:36]} 28. Ba3 {[%clk
0:30:49]} Rc6 {[%clk 0:00:35]} 29. Qb4 {[%clk 0:30:53]} cxb3 {[%clk 0:00:50]} 30.
Qxb3 {[%clk 0:30:38]} Rca6 {[%clk 0:00:44]} 31. Rd4 {[%clk 0:27:02]} Bc6 {[%clk
0:00:50]} 32. Rxc6 {[%clk 0:26:49]} Rxc6 {[%clk 0:01:11]} 33. e5 {[%clk 0:27:05]}
Rca6 {[%clk 0:00:43]} 34. Bxa8 {[%clk 0:27:21]} Rxa8 {[%clk 0:01:11]} 35. Rb4
{[%clk 0:25:33]} Qd7 {[%clk 0:00:44]} 36. Rb8 {[%clk 0:22:47]} Rxb8 {[%clk
0:00:39]} 37. Qxb8 {[%clk 0:23:12]} Qd1+ {[%clk 0:01:02]} 38. Kg2 {[%clk
0:23:39]} Qd5+ {[%clk 0:01:18]} 39. Kh3 {[%clk 0:24:06]} h5 {[%clk 0:00:34]} 40.
Qxf8+ {[%clk 0:51:36]} Kh7 {[%clk 0:31:03]} 41. Qc5 {[%clk 0:43:11]} Qf3 {[%clk
0:24:54]} 42. Qe3 {[%clk 0:41:21]} Qh1 {[%clk 0:22:15]} 43. exf6 {[%clk 0:35:24]}
Qf1+ {[%clk 0:20:35]} 44. Kh4 {[%clk 0:35:42]} Qc4+ {[%clk 0:18:41]} 45. Qf4
{[%clk 0:34:42]} 1-0

[Event "Greek Team Championship"]
[Site "chess24.com"]
[Date "2017.07.04"]
[Round "2"]
[White "Antova, Gabriela"]
[Black "Goczo, Melinda"]
[Result "1-0"]
[Board "5"]
[WhiteElo "2289"]
[WhiteTitle "FM"]
[WhiteCountry "BUL"]
[WhiteFideId "2915235"]
[WhiteEloChange "7"]
[BlackElo "2189"]
[BlackTitle "WIM"]
[BlackCountry "HUN"]
[BlackFideId "711985"]
[BlackEloChange "-7"]

1. d4 {[%clk 1:30:57]} e6 {[%clk 1:30:56]} 2. c4 {[%clk 1:31:10]} f5 {[%clk
1:31:21]} 3. g3 {[%clk 1:30:07]} Nf6 {[%clk 1:31:40]} 4. Bg2 {[%clk 1:30:23]}
Bb4+ {[%clk 1:29:48]} 5. Nd2 {[%clk 1:23:34]} O-O {[%clk 1:21:53]} 6. a3 {[%clk
1:22:29]} Be7 {[%clk 1:05:51]} 7. Ngf3 {[%clk 1:16:55]} c5 {[%clk 1:03:19]} 8.
O-O {[%clk 1:11:21]} Nc6 {[%clk 0:56:29]} 9. d5 {[%clk 1:08:54]} Na5 {[%clk
0:51:32]} 10. Ne1 {[%clk 0:52:58]} Rb8 {[%clk 0:50:15]} 11. b4 {[%clk 0:39:45]}
cxb4 {[%clk 0:49:56]} 12. axb4 {[%clk 0:40:14]} Bxb4 {[%clk 0:50:19]} 13. Qa4
{[%clk 0:40:39]} Bc3 {[%clk 0:30:54]} 14. Ra3 {[%clk 0:39:30]} Bxd2 {[%clk
0:30:18]} 15. Bxd2 {[%clk 0:39:55]} b6 {[%clk 0:30:46]} 16. Bxa5 {[%clk 0:35:33]}
bxa5 {[%clk 0:31:12]} 17. Qxa5 {[%clk 0:32:43]} Qxa5 {[%clk 0:26:08]} 18. Rxa5
{[%clk 0:33:12]} exd5 {[%clk 0:23:05]} 19. cxd5 {[%clk 0:33:28]} Rb2 {[%clk
0:12:11]} 20. Bf3 {[%clk 0:32:58]} a6 {[%clk 0:02:10]} 21. Nd3 {[%clk 0:32:56]}
Rd2 {[%clk 0:01:42]} 22. Rc1 {[%clk 0:23:42]} Ne4 {[%clk 0:01:51]} 23. Kf1 {[%clk
0:22:57]} Rxd3 {[%clk 0:01:32]} 24. exd3 {[%clk 0:23:17]} Nd2+ {[%clk 0:01:50]}
25. Kg2 {[%clk 0:20:16]} Nb3 {[%clk 0:02:18]} 26. Rxc8 {[%clk 0:19:54]} Nxa5
{[%clk 0:00:34]} 27. Rc7 {[%clk 0:18:02]} d6 {[%clk 0:00:47]} 28. Rd7 {[%clk
0:16:15]} Nb3 {[%clk 0:00:41]} 29. Rxd6 {[%clk 0:16:25]} Ra8 {[%clk 0:00:57]} 30.
Rb6 {[%clk 0:14:10]} Nd4 {[%clk 0:01:04]} 31. Bd1 {[%clk 0:13:58]} a5 {[%clk
0:01:09]} 32. Ba4 {[%clk 0:14:14]} Kf7 {[%clk 0:00:52]} 33. d6 {[%clk 0:10:49]}
g6 {[%clk 0:00:43]} 34. Rb7+ {[%clk 0:06:42]} Ke6 {[%clk 0:00:58]} 35. d7 {[%clk
0:07:18]} Ke7 {[%clk 0:01:35]} 36. Rc7 {[%clk 0:07:06]} Ne6 {[%clk 0:01:28]} 37.
Rc8 {[%clk 0:07:22]} Ra6 {[%clk 0:01:27]} 38. Re8+ {[%clk 0:07:44]} 1-0

[Event "Greek Team Championship"]
[Site "chess24.com"]
[Date "2017.07.04"]
[Round "2"]
[White "Serpetsidaki, Eva"]
[Black "Vozinaki, Anthi - Maria"]
[Result "0-1"]
[Board "6"]
[WhiteElo "1623"]
[WhiteCountry "GRE"]
[WhiteFideId "4248902"]
[WhiteEloChange "-5"]
[BlackElo "1837"]
[BlackCountry "GRE"]
[BlackFideId "4263898"]
[BlackEloChange "5"]

1. e4 {[%clk 1:30:57]} c5 {[%clk 1:30:54]} 2. Nf3 {[%clk 1:31:17]} e6 {[%clk
1:31:16]} 3. d4 {[%clk 1:31:41]} cxd4 {[%clk 1:31:42]} 4. Nxd4 {[%clk 1:32:06]}
Nc6 {[%clk 1:31:57]} 5. Nc3 {[%clk 1:32:14]} Qc7 {[%clk 1:32:20]} 6. Be3 {[%clk
1:25:10]} a6 {[%clk 1:32:42]} 7. a3 {[%clk 1:20:50]} Nf6 {[%clk 1:29:04]} 8. g4
{[%clk 1:19:51]} h6 {[%clk 1:24:27]} 9. h4 {[%clk 1:11:49]} b5 {[%clk 1:19:51]}
10. f3 {[%clk 1:06:23]} b4 {[%clk 1:15:06]} 11. Nce2 {[%clk 0:56:43]} bxa3 {[%clk
1:08:48]} 12. bxa3 {[%clk 0:53:02]} Bb7 {[%clk 1:05:17]} 13. Rg1 {[%clk 0:51:18]}
Ne5 {[%clk 1:00:34]} 14. g5 {[%clk 0:48:17]} hxg5 {[%clk 0:58:52]} 15. hxg5
{[%clk 0:48:27]} Nh5 {[%clk 0:57:10]} 16. Bd2 {[%clk 0:32:11]} Rc8 {[%clk
0:46:35]} 17. Nc3 {[%clk 0:26:41]} Nc4 {[%clk 0:40:09]} 18. Bxc4 {[%clk 0:26:07]}
Qxc4 {[%clk 0:40:34]} 19. Nde2 {[%clk 0:25:30]} g6 {[%clk 0:37:33]} 20. Qb1
{[%clk 0:24:07]} Qc7 {[%clk 0:34:24]} 21. Qb3 {[%clk 0:20:56]} Bd6 {[%clk
0:30:37]} 22. O-O-O {[%clk 0:18:15]} Rb8 {[%clk 0:28:15]} 23. Qb2 {[%clk
0:15:07]} Rg8 {[%clk 0:18:46]} 24. Qa2 {[%clk 0:11:29]} Ba8 {[%clk 0:17:13]} 25.
Be3 {[%clk 0:08:16]} Be5 {[%clk 0:15:17]} 26. Na4 {[%clk 0:04:29]} Qa5 {[%clk
0:12:35]} 27. Qc4 {[%clk 0:04:30]} Bc6 {[%clk 0:10:50]} 28. Nec3 {[%clk 0:01:42]}
Bxc3 {[%clk 0:06:29]} 29. Nxc3 {[%clk 0:02:07]} Qxa3+ {[%clk 0:06:53]} 30. Kd2
{[%clk 0:02:32]} Qd6+ {[%clk 0:05:20]} 31. Ke2 {[%clk 0:02:33]} Qh2+ {[%clk
0:05:26]} 32. Bf2 {[%clk 0:01:19]} Nf4+ {[%clk 0:05:25]} 33. Ke1 {[%clk 0:01:10]}
Nh3 {[%clk 0:04:32]} 34. Rf1 {[%clk 0:01:26]} Nxg5 {[%clk 0:04:21]} 35. Qd3
{[%clk 0:00:46]} Qg2 {[%clk 0:03:25]} 36. Bc5 {[%clk 0:00:40]} Qg3+ {[%clk
0:03:19]} 37. Kd2 {[%clk 0:00:53]} Qf4+ {[%clk 0:01:54]} 38. Ke2 {[%clk 0:00:54]}
Rh8 {[%clk 0:01:08]} 39. Bd6 {[%clk 0:00:45]} Rh2+ {[%clk 0:01:16]} 40. Rf2
{[%clk 0:30:46]} Rxf2+ {[%clk 0:31:05]} 41. Kxf2 {[%clk 0:31:06]} Qh4+ {[%clk
0:30:54]} 42. Bg3 {[%clk 0:30:56]} Nh3+ {[%clk 0:31:04]} 43. Kg2 {[%clk 0:30:28]}
Nf4+ {[%clk 0:31:16]} 44. Bxf4 {[%clk 0:30:25]} Qxf4 {[%clk 0:31:40]} 45. Qxa6
{[%clk 0:30:00]} Qg5+ {[%clk 0:30:30]} 46. Kf2 {[%clk 0:28:51]} Qc5+ {[%clk
0:30:42]} 0-1